[Event "10th Beirut Open-ch 2019"]
[Site "Beirut"]
[Date "2019.04.29"]
[Round "4.18"]
[White "Al Onizan, Fahad M"]
[Black "Khoder, Akram"]
[Result "0-1"]
[WhiteElo "1822"]
[BlackElo "1608"]
[PlyCount "96"]
[EventDate "2019.04.25"]
[EventType "swiss"]
[EventRounds "9"]
[EventCountry "LBN"]
[TimeControl "5400+30"]

1. e4 e6 2. d4 d5 3. exd5 exd5 4. Nf3 Nf6 5. Bd3 Bd6 6. O-O O-O 7. Bg5 Be6 8. Nbd2 c6 9. Re1 Nbd7 10. Ne5 Qb6 11. Nxd7 Nxd7 12. Rxe6 fxe6 13. Qh5 h6 14. Qg6 Nf6 15. Bxh6 Qc7 16. Nf3 Qf7 17. Bg5 Qxg6 18. Bxg6 Nh7 19. Bh4 Bc7 20. Be7 Rfc8 21. Re1 Bd8 22. Ba3 Nf8 23. Bxf8 Kxf8 24. Rxe6 Bf6 25. g4 c5 26. c3 cxd4 27. cxd4 Rc6 28. Rxc6 bxc6 29. g5 Be7 30. b3 Bd6 31. h4 Rb8 32. Kf1 Rb6 33. Bd3 a5 34. h5 Bf4 35. Ne5 Bxe5 36. dxe5 c5 37. f4 c4 38. bxc4 dxc4 39. Bxc4 Rb4 40. Bd3 Rxf4+ 41. Ke2 Rf5 42. h6 Rxe5+ 43. Kf3 gxh6 44. Be4 hxg5 45. Bc2 Ke7 46. Kg4 Kf6 47. Bb3 a4 48. Bg8 Kg7 0-1

[Event "10th Beirut Open-ch 2019"]
[Site "Beirut"]
[Date "2019.04.29"]
[Round "4.19"]
[White "Bedrosian, Danielle"]
[Black "Habash, Mohamad"]
[Result "1/2-1/2"]
[WhiteElo "1676"]
[BlackElo "1806"]
[PlyCount "107"]
[EventDate "2019.04.25"]
[EventType "swiss"]
[EventRounds "9"]
[EventCountry "LBN"]
[TimeControl "5400+30"]

1. b3 e5 2. Bb2 Nc6 3. g3 d5 4. Bg2 Nf6 5. d3 h5 6. Nf3 Bd6 7. e3 Bg4 8. h3 Bf5 9. Nbd2 Qd7 10. a3 O-O-O 11. b4 Kb8 12. Nb3 e4 13. Nfd4 Nxd4 14. Bxd4 h4 15. Bxf6 gxf6 16. g4 Bg6 17. d4 f5 18. gxf5 Bxf5 19. Qd2 Rdg8 20. Bf1 Rh6 21. O-O-O Rhg6 22. Nc5 Qc8 23. Qe2 Be7 24. Qb5 Rg1 25. Rxg1 Rxg1 26. Na6+ Ka8 27. Qxd5 f6 28. Nxc7+ Kb8 29. Nb5 Be6 30. Qh5 Bb3 31. Qe2 a6 32. Kb2 Bc4 33. Qxc4 Qxc4 34. Bxc4 Rxd1 35. Nc3 Rg1 36. Nxe4 Kc7 37. Be6 b6 38. Kb3 Rb1+ 39. Ka2 Rf1 40. Kb3 Rg1 41. Kc3 Rg2 42. Kb3 Rh2 43. Kc3 Kd8 44. Kb3 Rh1 45. c4 Kc7 46. c5 a5 47. cxb6+ Kxb6 48. bxa5+ Kxa5 49. Kb2 Kb6 50. Bg4 Kc7 51. Be6 Rf1 52. Bg4 Re1 53. a4 Kb6 54. Bd7 1/2-1/2

[Event "10th Beirut Open-ch 2019"]
[Site "Beirut"]
[Date "2019.04.29"]
[Round "4.20"]
[White "Eid, Wissam"]
[Black "Slim, Nadim"]
[Result "0-1"]
[WhiteElo "1568"]
[BlackElo "1781"]
[PlyCount "58"]
[EventDate "2019.04.25"]
[EventType "swiss"]
[EventRounds "9"]
[EventCountry "LBN"]
[TimeControl "5400+30"]

1. e4 c5 2. Nf3 g6 3. d4 cxd4 4. Nxd4 Bg7 5. Be3 Nc6 6. Nc3 a6 7. a3 d6 8. Be2 Nf6 9. f3 O-O 10. Qd2 Nxd4 11. Bxd4 b5 12. Be3 Bb7 13. Bh6 Qc7 14. O-O Rfd8 15. Bxg7 Kxg7 16. Kh1 d5 17. exd5 Nxd5 18. Nxd5 Rxd5 19. Qc3+ Qxc3 20. bxc3 Rc8 21. c4 bxc4 22. Rfb1 Rd2 23. Rxb7 Rxe2 24. Ra7 Rxc2 25. Rxa6 Rb2 26. Ra7 e6 27. Rd7 c3 28. Rdd1 c2 29. Rdc1 Rcb8 0-1

[Event "10th Beirut Open-ch 2019"]
[Site "Beirut"]
[Date "2019.04.29"]
[Round "4.21"]
[White "Salman, Samer"]
[Black "Terzian, Kevork"]
[Result "1-0"]
[WhiteElo "1505"]
[BlackElo "1731"]
[PlyCount "63"]
[EventDate "2019.04.25"]
[EventType "swiss"]
[EventRounds "9"]
[EventCountry "LBN"]
[TimeControl "5400+30"]

1. e4 Nf6 2. e5 Nd5 3. d4 d6 4. Nf3 Bg4 5. Be2 Nc6 6. exd6 exd6 7. O-O Be7 8. c4 Nf6 9. Nc3 O-O 10. Re1 d5 11. cxd5 Nxd5 12. Qb3 Nxc3 13. bxc3 Rb8 14. Bf4 Bf6 15. Nd2 Bxe2 16. Rxe2 Bg5 17. Bxg5 Qxg5 18. Ne4 Qh5 19. Rae1 b6 20. Qc4 Qg6 21. Re3 Ne7 22. Nf6+ Qxf6 23. Rxe7 c5 24. dxc5 Rfc8 25. cxb6 Rd8 26. Qa4 Kf8 27. Qa3 Qd6 28. Qxd6 Rxd6 29. bxa7 Ra8 30. Re8+ Rxe8 31. Rxe8+ Kxe8 32. a8=Q+ 1-0

[Event "10th Beirut Open-ch 2019"]
[Site "Beirut"]
[Date "2019.04.29"]
[Round "4.22"]
[White "Hasan Ali Prince"]
[Black "Kabalan, Farah"]
[Result "1/2-1/2"]
[WhiteElo "1854"]
[BlackElo "1602"]
[PlyCount "91"]
[EventDate "2019.04.25"]
[EventType "swiss"]
[EventRounds "9"]
[EventCountry "LBN"]
[TimeControl "5400+30"]

1. d4 Nf6 2. e3 d5 3. Bd3 c5 4. c3 Nc6 5. f4 Bg4 6. Nf3 e6 7. O-O Bd6 8. Qe1 c4 9. Bc2 Bf5 10. Qe2 O-O 11. Ne5 Bxc2 12. Qxc2 Bxe5 13. fxe5 Ne4 14. Nd2 Nxd2 15. Bxd2 f6 16. exf6 Rxf6 17. e4 Rxf1+ 18. Rxf1 Qe7 19. Re1 Qf6 20. exd5 exd5 21. Rf1 Qg6 22. Qxg6 hxg6 23. Bg5 Re8 24. Rd1 Re2 25. Bd2 Ne7 26. Kf1 Re4 27. Kf2 Nf5 28. g3 Re6 29. Bf4 Kf7 30. g4 Nd6 31. Bxd6 Rxd6 32. h4 Re6 33. Kf3 Kf6 34. b3 b5 35. bxc4 bxc4 36. Rb1 Rb6 37. Rxb6+ axb6 38. Ke2 Ke6 39. Ke3 Ke7 40. Kd2 Kd6 41. Kc2 Kc6 42. Kb2 Kb5 43. Ka3 g5 44. hxg5 g6 45. Kb2 Ka4 46. a3 1/2-1/2

[Event "10th Beirut Open-ch 2019"]
[Site "Beirut"]
[Date "2019.04.29"]
[Round "4.23"]
[White "Salameh, Sleiman"]
[Black "Jabr, Bernard"]
[Result "1-0"]
[WhiteElo "1621"]
[BlackElo "1679"]
[PlyCount "94"]
[EventDate "2019.04.25"]
[EventType "swiss"]
[EventRounds "9"]
[EventCountry "LBN"]
[TimeControl "5400+30"]

1. c4 e5 2. Nc3 Nc6 3. g3 f5 4. d3 Nf6 5. Bg2 Bc5 6. Bg5 Bxf2+ 7. Kd2 h6 8. Bxf6 Qxf6 9. Nd5 Qd8 10. e3 O-O 11. Nh3 f4 12. gxf4 Bh4 13. Qh5 d6 14. Rhg1 Be6 15. Qg6 Bf7 16. Qg4 h5 17. Qf5 Ne7 18. Nxe7+ Qxe7 19. Be4 g6 20. Rxg6+ Bxg6 21. Qxg6+ Qg7 22. Qe6+ Kh8 23. Rg1 Qf6 24. f5 c6 25. Rg6 Qxe6 26. Rxe6 Rf6 27. Re7 Rb8 28. Rd7 Kg8 29. b4 a6 30. a4 b5 31. Bxc6 bxa4 32. b5 axb5 33. cxb5 Rxf5 34. Ra7 e4 35. dxe4 Rfxb5 36. Bxb5 Rxb5 37. Rxa4 Rb2+ 38. Kd3 Rxh2 39. Nf4 Bf6 40. Ra5 Be5 41. Ng6 Bg3 42. Rg5 h4 43. Nxh4+ Kf7 44. Nf3 Rg2 45. Nd4 Rg1 46. Ne2 Rd1+ 47. Kc2 Bh4 1-0

[Event "10th Beirut Open-ch 2019"]
[Site "Beirut"]
[Date "2019.04.29"]
[Round "4.24"]
[White "Tarraf, Tarraf"]
[Black "Muhssen, Fared Saleh"]
[Result "1-0"]
[WhiteElo "1647"]
[BlackElo "1898"]
[PlyCount "87"]
[EventDate "2019.04.25"]
[EventType "swiss"]
[EventRounds "9"]
[EventCountry "LBN"]
[TimeControl "5400+30"]

1. c4 e6 2. g3 d5 3. Bg2 Nf6 4. Nf3 Be7 5. O-O O-O 6. d4 c6 7. Qc2 Nbd7 8. Nbd2 b6 9. e4 Nxe4 10. Nxe4 dxe4 11. Qxe4 Bb7 12. Bf4 Nf6 13. Qe2 c5 14. Rfd1 Qc8 15. d5 Re8 16. Bh3 Bd8 17. Ng5 h6 18. Ne4 Nxe4 19. Qxe4 f5 20. Bxf5 Bf6 21. Bxe6+ Qxe6 22. Qxe6+ Rxe6 23. dxe6 Re8 24. Rd7 Be4 25. Re1 Rxe6 26. f3 Bf5 27. Rxe6 Bxe6 28. Rxa7 Bxb2 29. Rb7 Bxc4 30. Rxb6 Bd4+ 31. Kg2 Bxa2 32. Rd6 Bb1 33. Kf1 Ba2 34. Ke2 Bf6 35. Bxh6 Kf7 36. Bc1 c4 37. Ba3 Bb1 38. Rb6 Bd3+ 39. Kd2 Bf1 40. Bb2 Bg2 41. Bxf6 gxf6 42. Ke2 Bh3 43. g4 f5 44. g5 1-0

[Event "10th Beirut Open-ch 2019"]
[Site "Beirut"]
[Date "2019.04.30"]
[Round "5.1"]
[White "Bernadskiy, Vitaliy"]
[Black "Kotanjian, Tigran"]
[Result "1-0"]
[WhiteElo "2587"]
[BlackElo "2458"]
[Annotator "TA"]
[PlyCount "129"]
[EventDate "2019.04.25"]
[EventType "swiss"]
[EventRounds "9"]
[EventCountry "LBN"]
[SourceTitle "playchess.com"]
[Source "ChessBase"]
[SourceQuality "1"]

{[%evp 22,129,20,27,27,30,30,23,30,23,23,24,24,27,38,21,16,7,28,29,39,32,74,65,79,90,84,58,70,45,99,27,97,99,102,116,101,81,86,13,131,35,20,15,15,15,15,0,2,0,0,0,0,0,0,0,0,-77,-66,-64,-70,-70,-12,-53,-44,-72,0,-59,0,0,0,0,0,0,0,0,0,0,0,0,0,0,39,38,27,24,29,35,22,15,61,70,181,187,170,193,286,308,310,283,279,278,1249,1233,1233,1233,906,806,806,639]} 1. e4 c5 2. Nf3 d6 3. Bb5+ Bd7 4. Bxd7+ Qxd7 5. c4 Nf6 6. Nc3 g6 7. d4 cxd4 8. Nxd4 Bg7 9. h3 O-O 10. O-O Rc8 11. b3 Nc6 12. Be3 a6 {B52: Sicilian: Moscow Variation with 3...Bd7} (12... Nxd4 13. Bxd4 b5 14. Nxb5 Nxe4 15. Bxg7 Kxg7 16. Qd4+ Nf6 17. Rad1 a6 18. Nc3 Qa7 19. Qd2 h5 20. Rfe1 {1-0 (48) Le,Q (2736)-Pena Gomez,M (2478) Hanoi 2018}) 13. a4 Qd8 14. Qd2 Nd7 {White has an edge.} 15. Rab1 {[#]} Nxd4 $146 ({Predecessor:} 15... Rab8 16. Rfc1 Nce5 17. Nde2 a5 18. Rd1 Qf8 19. f3 Rd8 20. Kh1 {½-½ (20) Galkin,A (2617)-Kokarev,D (2603) Dagomys 2009}) 16. Bxd4 Bxd4 17. Qxd4 Qb6 18. Qxb6 Nxb6 19. f4 Rc5 20. Rbd1 Kf8 21. e5 dxe5 22. Ne4 Rc7 23. fxe5 Kg8 24. e6 f5 25. Ng5 $36 {[%mdl 2048] White has the initiative.} a5 ({Black should play} 25... Re8 $14) 26. g4 (26. Nf7 $16) 26... Rf8 (26... fxg4 $1 $11 {remains equal.} 27. Rf7 (27. hxg4 Nxa4 28. bxa4 Rxc4 $14 {[%mdl 64] Double Attack}) 27... Re8) 27. Nf7 $16 fxg4 28. hxg4 Kg7 29. g5 Rc6 30. Nh6 (30. Rd8 $16 {And now Rxf8 would win.} Rxd8 31. Nxd8) 30... Rcc8 (30... Rc5 $1 $11 31. Nf7 Nc8) 31. Rxf8 (31. Kg2 $16) 31... Kxf8 {[%mdl 4096] Endgame KRN-KRN} 32. Kg2 Ke8 $1 33. Nf7 {Threatens to win with Kf3.} Na8 $1 34. Rh1 Rc6 35. Ne5 Rxe6 36. Nf3 Nb6 37. Rxh7 Nd7 38. Rh8+ Kf7 39. Rh7+ (39. Rc8 $11 {keeps the balance.}) 39... Kg8 $17 40. Rh1 Nc5 41. Rb1 Rb6 ({Black should try} 41... Kf8 $15) 42. Nd4 Rd6 43. Nf3 Rb6 44. Nd4 {[#]} Rb4 (44... Nxa4 $1 $15 {[%mdl 512]} 45. Ra1 (45. bxa4 Rxb1) 45... Nc5) 45. Re1 $11 Kf7 46. Re3 Rb6 47. Kg3 Rd6 48. Nf3 Rd1 49. Ne5+ Kg7 50. Rf3 Ne4+ 51. Kf4 Nd6 52. Rd3 Rf1+ 53. Nf3 b6 54. Ke5 Nf7+ 55. Kd4 e5+ 56. Kd5 ({Worse is} 56. Nxe5 Rf4+ 57. Kc3 (57. Kd5 $2 Rf5 $19 {[%mdl 64] Double Attack}) 57... Nxe5 $19) 56... Rf2 (56... Kf8 $1 $14) 57. Re3 $1 $18 ({Don't go for} 57. Nxe5 $2 Rf5 $19) 57... Rg2 {[#]} 58. Ne1 $1 {[%cal Re1g2]} ({Wrong is} 58. Nxe5 $2 Rxg5 59. Ke6 Nxe5 $19) 58... Rd2+ (58... Rxg5 {was worth a try.} 59. Kc6 Nh6) 59. Kc6 Rd6+ 60. Kc7 Re6 {[#]} 61. Nd3 $1 Nxg5 $2 (61... Kf8 62. c5 bxc5 63. Nxc5 Re8) 62. Rxe5 {White is clearly winning.} Rxe5 63. Nxe5 Kf6 64. Ng4+ Kf5 65. Nh6+ {Accuracy: White = 69%, Black = 53%.} 1-0

[Event "10th Beirut Open-ch 2019"]
[Site "Beirut"]
[Date "2019.04.30"]
[Round "5.2"]
[White "Karpatchev, Aleksandr"]
[Black "Bajarani, Ulvi"]
[Result "1-0"]
[WhiteElo "2423"]
[BlackElo "2470"]
[Annotator "TA"]
[PlyCount "97"]
[EventDate "2019.04.25"]
[EventType "swiss"]
[EventRounds "9"]
[EventCountry "LBN"]
[SourceTitle "playchess.com"]
[Source "ChessBase"]
[SourceQuality "1"]

{[%evp 16,97,3,0,13,10,95,103,125,125,120,124,126,118,122,131,124,120,150,135,172,-57,136,-2,-10,-39,39,-45,-44,-36,-66,-44,-34,-41,-33,-39,0,0,0,0,0,0,0,0,0,0,0,0,0,0,0,0,0,0,155,144,147,0,164,0,173,165,137,164,164,165,175,160,211,141,195,153,257,246,340,306,315,287,430,306,464,482,541,536]} 1. e4 e6 2. d4 d5 3. e5 c5 4. c3 Nc6 5. Nf3 Qb6 6. a3 c4 7. Nbd2 Na5 8. Rb1 Bd7 9. Be2 Be7 {C02: French: Advance Variation} (9... Ne7 10. O-O Qc7 11. Re1 Nc8 12. Nf1 Nb3 13. Bf4 Nb6 14. N3d2 Na5 15. h4 Be7 16. h5 h6 17. Bh2 Ba4 18. Qc1 O-O-O {½-½ (30) Bruzon Batista,L (2673)-Akobian,V (2640) Saint Louis 2018}) 10. O-O O-O-O (10... Nh6 $11 {keeps the balance.}) 11. b3 $16 {[%cal Rb3c4]} cxb3 {[#]White is better.} 12. c4 $1 (12. Nxb3 $6 Ba4 $11) 12... Ba4 13. c5 {[%mdl 1024] White has strong compensation.} Qc7 14. Bb2 Nh6 15. Bc3 g5 $146 ({Predecessor:} 15... Nc6 16. Nxb3 f6 17. exf6 gxf6 {1-0 (30) Pokazanjev,N (2425)-Fadeev,S (2138) Novokuznetsk 2007}) 16. Qc1 g4 17. Ne1 Nf5 18. Qb2 $2 {[#]} (18. Bxg4 $18 Bb5 19. Bxf5 exf5 20. Bxa5 (20. Nxb3 Nxb3 21. Rxb3 Bxf1 $14) 20... Qxa5 21. Rxb3) 18... Nc6 $2 (18... Nc4 $1 $15 {[%mdl 512] stays ahead.} 19. Bxc4 (19. Nxc4 dxc4) 19... dxc4) 19. Nd3 (19. Bxg4 $16 Nh6 20. Be2) 19... h5 $11 20. Nb4 {[#]} (20. Bd1 {keeps more tension.} Bb5 21. Be2 Bc4 22. Rfe1 Rhg8 23. Nf4) 20... Nxe5 $1 {[%mdl 512]} 21. dxe5 ({White should try} 21. Nxb3 $14 Nc6 22. Nxc6 Bxc6 23. Na5) 21... d4 $15 22. Nxb3 dxc3 ({But not} 22... Qxe5 $2 23. Be1 $18) 23. Qxc3 Bxb3 24. Qxb3 Nd4 25. Qe3 Bxc5 26. Rfc1 {[#]} Nf3+ $1 {[%mdl 512]} 27. gxf3 (27. Bxf3 Bxe3) 27... Bxe3 28. fxe3 Rd2 29. Kf2 Rhd8 30. Rxc7+ Kxc7 31. Rc1+ Kb8 {Threatens to win with ...a5.} 32. Rb1 {And now Nc6+ would win.} Kc7 {Strongly threatening ...a5.} 33. Rb3 gxf3 34. Kxf3 f6 $2 (34... Rg8 $11) 35. Rc3+ $16 Kb8 36. Rb3 Kc7 $1 ({Reject} 36... Rf8 $6 37. e4 $16) 37. Rc3+ Kb8 $1 38. exf6 {Hoping for e4.} Rf8 39. e4 {aiming for e5.} Rxf6+ 40. Ke3 Rd7 41. Nd3 Rc7 (41... Rg7 $16 42. Rc5 (42. Bxh5 Rh6 $16) 42... Rh6 43. Rxh5 Rgh7) 42. Rb3 h4 (42... Rg7 $16 43. Rb5 (43. Bxh5 Rh6 $16) 43... Rh6 44. Rxh5 Rxh5 45. Bxh5 Rg2) 43. h3 a6 (43... Kc8 $16 {keeps fighting.} 44. Bg4 Kd7) 44. Bg4 $18 Ka7 45. Nf4 Rc1 {intending ...Re1+.} 46. Nxe6 Rg1 (46... Re1+ $142 47. Kd4 Rf7) 47. Ng5 Rb6 (47... Re1+ $142 48. Kd4 Rf8) 48. Rd3 Rb5 49. Nf3 {Accuracy: White = 61%, Black = 39%.} 1-0

[Event "10th Beirut Open-ch 2019"]
[Site "Beirut"]
[Date "2019.04.30"]
[Round "5.3"]
[White "Khodashenas, Mersad"]
[Black "EL Mahmoud, AbdulAziz"]
[Result "1-0"]
[WhiteElo "2467"]
[BlackElo "2108"]
[Annotator "TA"]
[PlyCount "91"]
[EventDate "2019.04.25"]
[EventType "swiss"]
[EventRounds "9"]
[EventCountry "LBN"]
[SourceTitle "playchess.com"]
[Source "ChessBase"]
[SourceQuality "1"]

{[%evp 16,91,44,30,33,31,50,25,47,35,33,35,52,42,30,38,28,22,28,16,29,-7,9,22,43,46,38,33,41,40,38,23,36,35,49,0,27,10,18,0,11,8,29,29,29,29,225,225,300,329,294,322,379,148,475,327,324,234,482,440,491,502,1220,488,461,442,29989,29990,29993,29991,29995,2313,29995,29996,29996,29997,29997,29998]} 1. e4 g6 2. d4 Bg7 3. Nf3 d6 4. Be2 Nf6 5. Nc3 O-O 6. O-O c6 7. a4 Qc7 8. Be3 Nbd7 9. a5 e5 {B08: Pirc Defence: Classical System} 10. dxe5 (10. h3 exd4 11. Bxd4 Re8 12. Bc4 Nf8 13. Re1 Be6 14. Bf1 N8d7 15. Ng5 a6 16. Qd2 c5 17. Be3 {1-0 (58) Tomashevsky,E (2702)-Radjabov,T (2741) Palma de Mallorca 2017}) 10... dxe5 11. Qb1 Re8 {White has an edge.} 12. Rd1 $146 ({Predecessor:} 12. h3 Nf8 13. Qa2 Be6 14. Qa3 h6 15. Bc5 Red8 16. Rfd1 Rxd1+ 17. Rxd1 {½-½ (29) Lutz,C (2554)-Topp,M (2096) Germany 2015}) 12... Ng4 13. Bc1 Nf8 {[%cal Bd7f8,Bf8e6,Be6d4,Bd4e2][%mdl 32]} 14. b4 Ne6 15. h3 Nf6 16. Be3 Bd7 17. Qa2 Nd4 18. Ng5 ({But not} 18. Bxd4 exd4 19. Nxd4 (19. Rxd4 Nxe4 20. Rxe4 Bxc3 $15) 19... Nxe4 $15) 18... Nxe2+ 19. Nxe2 Be6 20. Nxe6 Rxe6 21. Qc4 Ne8 22. Nc3 Bf8 23. Na4 Nd6 24. Qd3 Ree8 25. Rd2 Red8 26. Bg5 Be7 27. Bxe7 Qxe7 28. Rad1 Kf8 29. Qe3 {Strongly threatening Qc5.} Nb5 $1 30. Nc5 $36 {[%mdl 2048] aiming for Rd7. Black is under pressure.} Kg7 $2 {[#]} (30... Rd6 $11) 31. Rd7 $1 $18 {[%cal Rd7e7][%mdl 64] Double Attack} Qf6 {intending ...Rxd7.} 32. Nxb7 Rxd7 33. Rxd7 Qe6 34. Rd3 $2 (34. Nc5 $18 {and White stays clearly on top.} Qf6 35. a6) 34... Qa2 $2 {[%mdl 8192]} (34... Qe7 $16 {is tougher.}) 35. c3 Re8 36. Kh2 Re6 $2 (36... Qe6 37. Qd2 h6) 37. Nc5 Rf6 38. f3 Qc2 (38... Rd6 $142 39. Rxd6 Nxd6) 39. Nd7 (39. Qg5 $142 Qa2 40. Qxe5) 39... Re6 {[#]} 40. Qc5 $1 {[%csl Gd7][%cal Rc5f8][%mdl 512]} Kh6 (40... Re8 $18) 41. Qf8+ {[%mdl 64] Double Attack} Kg5 42. Qxf7 Qxd3 {[#]} 43. Qxe6 (43. h4+ $142 $1 {[%mdl 512]} Kxh4 44. Qxh7+ Kg5 45. Kg3 Qxe4 46. fxe4 Nxc3 47. Qh4#) 43... Qxc3 44. Qf6+ {White mates.} Kh6 45. Qf8+ Kg5 {[#]} 46. h4+ $1 {[%mdl 512] Accuracy: White = 55%, Black = 25%.} 1-0

[Event "10th Beirut Open-ch 2019"]
[Site "Beirut"]
[Date "2019.04.30"]
[Round "5.4"]
[White "Sursock, Sameer"]
[Black "Cherniaev, Alexander"]
[Result "0-1"]
[WhiteElo "2048"]
[BlackElo "2401"]
[Annotator "ChessBase"]
[PlyCount "102"]
[EventDate "2019.04.25"]
[EventType "swiss"]
[EventRounds "9"]
[EventCountry "LBN"]
[SourceTitle "playchess.com"]
[Source "ChessBase"]
[SourceQuality "1"]
[TimeControl "5400+30"]

1. Nf3 {[%emt 0:00:02]} g6 {[%emt 0:00:18]} 2. g3 {[%emt 0:00:23]} Bg7 {[%emt 0:00:07]} 3. Bg2 {[%emt 0:01:33]} e5 {[%emt 0:01:10]} 4. d3 {[%emt 0:00:32]} d6 {[%emt 0:00:38]} 5. c4 {[%emt 0:01:56]} Ne7 {[%emt 0:00:19]} 6. Nc3 {[%emt 0:00:30]} O-O {[%emt 0:00:14]} 7. O-O {[%emt 0:00:43]} Nd7 {[%emt 0:02:57]} 8. Rb1 {[%emt 0:07:30]} c6 {[%emt 0:03:55]} 9. d4 {[%emt 0:09:23]} Nf5 {[%emt 0:02:51]} 10. d5 {[%emt 0:06:25]} c5 {[%emt 0:00:11]} 11. Nd2 {[%emt 0:09:48]} Nf6 {[%emt 0:07:06]} 12. a3 {[%emt 0:06:01]} a5 {[%emt 0:16:18]} 13. Nde4 {[%emt 0:05:32]} Nxe4 {[%emt 0:00:56]} 14. Nxe4 {[%emt 0:01:37]} a4 {[%emt 0:00:20]} 15. e3 {[%emt 0:08:40]} Nh6 {[%emt 0:04:29]} 16. b4 {[%emt 0:03:58]} axb3 {[%emt 0:00:12]} 17. Qxb3 {[%emt 0:00:49]} f5 {[%emt 0:05:48]} 18. Nc3 {[%emt 0:00:16]} e4 {[%emt 0:02:19]} 19. f3 {[%emt 0:07:16]} exf3 {[%emt 0:00:25]} 20. Bxf3 {[%emt 0:01:47]} Nf7 {[%emt 0:00:18]} 21. Nb5 {[%emt 0:01:26]} Re8 {[%emt 0:05:10]} 22. Bg2 {[%emt 0:05:27]} Bd7 {[%emt 0:02:16]} 23. Bd2 {[%emt 0:01:50]} Be5 {[%emt 0:04:43]} 24. a4 {[%emt 0:01:20]} h5 {[%emt 0:01:46]} 25. e4 {[%emt 0:01:55]} Bxb5 {[%emt 0:06:11]} 26. axb5 {[%emt 0:04:08]} Bd4+ {[%emt 0:01:40]} 27. Kh1 {[%emt 0:00:58]} fxe4 {[%emt 0:00:56]} 28. Bxe4 {[%emt 0:00:17]} Rxe4 {[%emt 0:10:52]} 29. Rxf7 {[%emt 0:00:14]} Kxf7 {[%emt 0:00:08]} 30. Qf3+ {[%emt 0:00:44]} Qf6 {[%emt 0:01:01]} 31. Qxe4 {[%emt 0:00:10]} Qf5 {[%emt 0:01:04]} 32. Qxf5+ {[%emt 0:02:02]} gxf5 {[%emt 0:00:17]} 33. Re1 {[%emt 0:05:50]} Be5 {[%emt 0:02:53]} 34. Bf4 {[%emt 0:00:26]} Kf6 {[%emt 0:00:02]} 35. Kg2 {[%emt 0:00:58]} Ra4 {[%emt 0:02:32]} 36. Rc1 {[%emt 0:00:33]} Ra2+ {[%emt 0:00:07]} 37. Kh3 {[%emt 0:01:32]} Re2 {[%emt 0:02:10]} 38. Bxe5+ {[%emt 0:03:19]} dxe5 {[%emt 0:06:06]} 39. Ra1 {[%emt 0:00:22]} Re4 {[%emt 0:00:57]} 40. Ra7 {[%emt 0:00:12]} Rxc4 {[%emt 0:00:02]} 41. Rxb7 {[%emt 0:00:09]} Rb4 {[%emt 0:02:50]} 42. b6 {[%emt 0:00:16]} c4 {[%emt 0:01:28]} 43. Rc7 {[%emt 0:00:47]} Rxb6 {[%emt 0:00:44]} 44. Rxc4 {[%emt 0:00:09]} Rd6 {[%emt 0:01:47]} 45. Kh4 {[%emt 0:00:15]} e4 {[%emt 0:00:31]} 46. Kxh5 {[%emt 0:00:48]} Rxd5 {[%emt 0:01:44]} 47. Rc6+ {[%emt 0:00:12]} Ke5 {[%emt 0:00:01]} 48. Kg5 {[%emt 0:00:13]} e3 {[%emt 0:00:16]} 49. Rc8 {[%emt 0:01:29]} Ke4 {[%emt 0:00:01]} 50. Rc1 {[%emt 0:00:45]} e2 {[%emt 0:00:28]} 51. h4 {[%emt 0:00:53]} f4+ {[%emt 0:01:10]} 0-1

[Event "10th Beirut Open-ch 2019"]
[Site "Beirut"]
[Date "2019.04.30"]
[Round "5.5"]
[White "Eid, Fadi"]
[Black "Moudallal, Tarek"]
[Result "1-0"]
[WhiteElo "2331"]
[BlackElo "2043"]
[Annotator "NA"]
[PlyCount "53"]
[EventDate "2019.04.25"]
[EventType "swiss"]
[EventRounds "9"]
[EventCountry "LBN"]
[SourceTitle "playchess.com"]
[Source "ChessBase"]
[SourceQuality "1"]
[TimeControl "5400+30"]

1. e4 c5 {[%emt 0:00:00]} 2. Nf3 {[%emt 0:00:00]} g6 {[%emt 0:00:00]} 3. d4 {[%emt 0:00:00]} cxd4 {[%emt 0:00:00]} 4. Nxd4 {[%emt 0:00:00]} Bg7 {[%emt 0:00:06]} 5. Nc3 {[%emt 0:00:00]} Nc6 {[%emt 0:00:07]} 6. Be3 {[%emt 0:00:00]} Nf6 {[%emt 0:00:08]} 7. Nxc6 {[%emt 0:00:00]} bxc6 {[%emt 0:00:10]} 8. e5 {[%emt 0:00:00]} Ng8 {[%emt 0:00:12]} 9. Bd4 {[%emt 0:00:01]} Qc7 {[%emt 0:00:36]} 10. e6 {[%emt 0:00:29]} Nf6 {[%emt 0:01:10]} 11. exd7+ {[%emt 0:00:04]} Bxd7 {[%emt 0:01:28]} 12. Bc4 {[%emt 0:00:28]} O-O {[%emt 0:00:51]} 13. Qe2 {[%emt 0:00:30]} Nd5 {[%emt 0:06:27]} 14. Bxg7 {[%emt 0:00:29]} Kxg7 {[%emt 0:00:09]} 15. Bxd5 {[%emt 0:03:43]} cxd5 {[%emt 0:00:10]} 16. Nxd5 {[%emt 0:00:08]} Qc5 {[%emt 0:09:54]} 17. c4 {[%emt 0:11:51]} Bc6 {[%emt 0:00:30]} 18. Ne3 {[%emt 0:00:30]} f5 {[%emt 0:00:30]} 19. O-O-O {[%emt 0:00:30]} Rad8 {[%emt 0:32:58]} 20. f3 {[%emt 0:18:26]} Qe5 {[%emt 0:04:47]} 21. Rxd8 {[%emt 0:00:31]} Rxd8 {[%emt 0:00:27]} 22. Nxf5+ {[%emt 0:00:24]} Qxf5 {[%emt 0:01:01]} 23. Qxe7+ {[%emt 0:00:13]} Qf7 {[%emt 0:00:14]} 24. Qxd8 {[%emt 0:00:03]} Qxc4+ {[%emt 0:00:20]} 25. Kb1 {[%emt 0:00:11]} Bd5 26. Qa5 {[%emt 0:00:57]} a6 {[%emt 0:08:07]} 27. Qc3+ {[%emt 0:00:10]} 1-0